00498 2200205 4500001002100000008004100021035002000062245005500082100002000137250000600157260003400163300001100197084001400208082000800222650001400230990001200244990001200256990001200268990001200280INLIS000000000000420 ind  a0010-0424000396 aMateri Ekonomi Volume 6; AkuntansicAgung Feryanto aFeryanto, Agung a1 aKlaten :bCempaka Putihc2013 a60 hlm a330 AGU m a330 aNon Fiksi a0722484 a0722485 a0722486 a0722487